Especies del parque Orquídeas. (Registro nro. 20595)
[ vista simple ]
| 000 -CABECERA | |
|---|---|
| Campo de control | 00718nam a22002177a 4500 |
| 005 - FECHA Y HORA DE LA ULTIMA TRANSACCION | |
| Campo de control | 20191114101633.0 |
| 008 - ELEMENTOS DE LONGITUD FIJA—INFORMACION GENERAL | |
| Campo de control | 191114b xxu||||| |||| 00| 0 spa d |
| 040 ## - FUENTE DE CATALOGACIÓN | |
| Agencia catalogadora original | CO-BoIAVH |
| Agencia transcriptora | CO-BoIAVH |
| 041 ## - IDIOMA | |
| Código de idioma para texto/pista de sonido o título separado | Español |
| 044 ## - PAÍS DE PUBLICACIÓN | |
| País de publicación | Colombia |
| 082 ## - NUMERO DE CLASIFICACION DECIMAL DEWEY | |
| Número de clasificación | 333.95416 |
| Número del ítem | P24e |
| 110 ## - ASIENTO PRINCIPAL--NOMBRE CORPORATIVO | |
| 9 (RLIN) | 940 |
| Nombre corporativo o de jurisdicción como elemento de entrada | Parques Nacionales Naturales de Colombia |
| 245 ## - MENCION DE TITULO | |
| Título | Especies del parque Orquídeas. |
| 260 ## - PUBLICACION, DISTRIBUCION, ETC. (PIE DE IMPRENTA) | |
| Lugar de publicación, distribución, etc. | Bogotá: |
| Nombre del editor, distribuidor, etc. | Ministerio de Ambiente y Desarrollo Sostenible, |
| Fecha de publicación, distribución, etc. | s.f. |
| 300 ## - DESCRIPCION FISICA | |
| Extensión | 35 Paginas: |
| Otros detalles físicos | ilustraciones, |
| Dimensiones | 21 x 21 cm. |
| 650 #0 - ASIENTO SECUNDARIO DE MATERIA - TERMINO TEMATICO | |
| 9 (RLIN) | 102005 |
| Término temático o nombre geográfico como elemento de entrada | Lista de especies |
| Subdivisión de forma | Parque Orquídeas |
| 650 #0 - ASIENTO SECUNDARIO DE MATERIA - TERMINO TEMATICO | |
| 9 (RLIN) | 123 |
| Término temático o nombre geográfico como elemento de entrada | Biodiversidad |
| Subdivisión general | Colombia |
| 650 #0 - ASIENTO SECUNDARIO DE MATERIA - TERMINO TEMATICO | |
| 9 (RLIN) | 48111 |
| Término temático o nombre geográfico como elemento de entrada | Conservación de especies |
| Subdivisión de forma | Guías |
| 650 #0 - ASIENTO SECUNDARIO DE MATERIA - TERMINO TEMATICO | |
| 9 (RLIN) | 3588 |
| Término temático o nombre geográfico como elemento de entrada | Taxonomía |
| 942 ## - ELEMENTOS ADICIONALES (KOHA) | |
| Sistema de clasificación | Dewey Decimal Classification |
| Tipo de ítem | Libro |
| Withdrawn status | Lost status | Sistema de Clasificación | Damaged status | No para préstamo | Colección | Ubicación Permanente | Ubicación actual | Fecha de adquisición | Total Checkouts | Número topográfico | Inventario / Código de Barras | Date last seen | Ejemplar | Price effective from | Forma de adquisición | Tipo de material |
|---|---|---|---|---|---|---|---|---|---|---|---|---|---|---|---|---|
| Dewey Decimal Classification | General | Bogotá | Bogotá | 14/11/2019 | LB-333.95416 P24e | 034488 | 14/11/2019 | Ej.1 | 14/11/2019 | Canje | Libro |